ՀՀ Գիտությունների ազգային ակադեմիայի հիմնարար գիտական գրադարան  =   Fundamental Scientific Library of NAS RA

Տաղաչափութիւն արդի հայերէն լեզուի : (Record no. 540190)

MARC details
000 -LEADER
fixed length control field 01954nam a2200265 a 4500
003 - CONTROL NUMBER IDENTIFIER
control field AM-YEHGA
005 - DATE AND TIME OF LATEST TRANSACTION
control field 20260402103658.0
008 - FIXED-LENGTH DATA ELEMENTS--GENERAL INFORMATION
fixed length control field 260203s1895 tu ||||r|||| 000|0 arm d
040 ## - CATALOGING SOURCE
Original cataloging agency AM-YEHGA
041 0# - LANGUAGE CODE
Language code of text/sound track or separate title arm
100 1# - MAIN ENTRY--PERSONAL NAME
Personal name Գասապեան, Ս. Մ.
245 10 - TITLE STATEMENT
Title Տաղաչափութիւն արդի հայերէն լեզուի :
Remainder of title Հանդերձ ծանօթութեամբ չափական եւ շեշտեալ ոտանաւորներու վրայ /
Statement of responsibility, etc. Ս. Մ. Գասապեան ; Գրատուն Պ. Պալենց.
260 ## - PUBLICATION, DISTRIBUTION, ETC.
Place of publication, distribution, etc. Կ. Պոլիս :
Name of publisher, distributor, etc. Տպարան եւ վիմագրատուն եւ կազմատուն Յ. Մատթէոսեան,
Date of publication, distribution, etc. 1895.
300 ## - PHYSICAL DESCRIPTION
Extent (4 գիրք մեկ կազմի մեջ) ; 79 էջ ;
Dimensions 18 սմ.
500 ## - GENERAL NOTE
General note Շարվածքը՝ 14x9 սմ։
500 ## - GENERAL NOTE
General note Շարվածքը՝ 14x9 սմ։
500 ## - GENERAL NOTE
General note Տպարանի տվյալը վերցված է տիտղոսաթերթի դարձերեսից:
500 ## - GENERAL NOTE
General note Բնագրից առաջ՝ Ձօն խորին յարգանաց եւ երախտագիտութեան առ ազնուաշուք տօքթ. Յ. Թիրաքեան էֆ.:
500 ## - GENERAL NOTE
General note Ալիգ 3
501 ## - WITH NOTE
With note Մեկ կազմի մեջ՝ Քամէլիազարդ տիկին / Ա. Տիւմա որդի։ Կ. Պօլիս: տպ. Նշան Կ. Պէրպէրեան։ 1900։ - Ալիգ 1 ; Բաղդացոյց ... ? : (Անուն-կապուկ) : Քաշէ մարդս քաշէ ... / Յ.Յ.Յ. Ամիրենց։ Կ. Պոլիս: տպ. Նշան-Պապիկեան։ 1914։ - Ալիգ 2 ; Մեծ մարդասպանի դէմ : Պաշտօնական արձանագրութիւն եղեռնական ատեանի դատավարութեան : Կատարւած Կ. Պօլսում, 1905 նոյեմբերին / Ժընև: Հ․ Յ․ Դաշնակցութեան տպարան։ 1906։ - Ալիգ 4
650 14 - SUBJECT ADDED ENTRY--TOPICAL TERM
Topical term or geographic name entry element Հայոց լեզու
650 14 - SUBJECT ADDED ENTRY--TOPICAL TERM
Topical term or geographic name entry element Տաղաչափություն
9 (RLIN) 5313
710 2# - ADDED ENTRY--CORPORATE NAME
Corporate name or jurisdiction name as entry element Պալենց գրատուն
9 (RLIN) 4816
942 ## - ADDED ENTRY ELEMENTS (KOHA)
Source of classification or shelving scheme Universal Decimal Classification
Koha item type Գրքեր / Books
Suppress in OPAC No
Holdings
Withdrawn status Lost status Source of classification or shelving scheme Damaged status Not for loan Collection Home library Current library Date acquired Serial enumeration / chronology Inventory number Total checkouts Full call number Barcode Date last seen Price effective from Koha item type Public note
    Universal Decimal Classification     Postanjyan Individual Collection Fundamental Scientific Library Fundamental Scientific Library 03/02/2026 Ալիգ 3 Պոսթ/53   Պոսթ/51 FL0702945 03/02/2026 03/02/2026 Գրքեր / Books ILL Non-Circ.


ՀՀ ԳԱԱ հիմնարար գիտական գրադարան
ՀՀ,Երևան 0019
Մարշալ Բաղրամյան 24/6
հեռախոս:(374-10) 52-47-50
Հետադարձ կապ

All site content, except where otherwise noted, is licensed under a
Creative Commons License